KARTHIKEYAN,S STEP BY STEP CT SCAN (Record no. 9018)

MARC details
000 -LEADER
fixed length control field 00493nam a22001817a 4500
005 - DATE AND TIME OF LATEST TRANSACTION
control field 20251204165432.0
008 - FIXED-LENGTH DATA ELEMENTS--GENERAL INFORMATION
fixed length control field 251203b |||||||| |||| 00| 0 eng d
020 ## - INTERNATIONAL STANDARD BOOK NUMBER
ISBN 978-93-6616-110-5
041 ## - LANGUAGE CODE
Language code of text/sound track or separate title eng
082 ## - DEWEY DECIMAL CLASSIFICATION NUMBER
Classification number 616.0756 KHA
100 ## - MAIN ENTRY--AUTHOR NAME
Personal name KHANDURI, SACHIN
245 ## - TITLE STATEMENT
Title KARTHIKEYAN,S STEP BY STEP CT SCAN
250 ## - EDITION STATEMENT
Edition statement 2ND ED, 2025
260 ## - PUBLICATION, DISTRIBUTION, ETC. (IMPRINT)
Place of publication NEW DELHI
Name of publisher JATPEE BROTHERS DISTRIBUTERS PVT LTD
Year of publication 2025
300 ## - PHYSICAL DESCRIPTION
Number of Pages 242;P
650 ## - SUBJECT ADDED ENTRY--TOPICAL TERM
Topical Term PARAMEDICAL
General subdivision BMIRT
942 ## - ADDED ENTRY ELEMENTS (KOHA)
Koha item type Books
Holdings
Lost status Damaged status Collection code Home library Current library Shelving location Date acquired Source of acquisition Cost, normal purchase price Serial Enumeration / chronology Full call number Accession Number Koha item type
    PARAMEDICAL JRU Library JRU Library SHELF-105-F 01/12/2025 PURCHASE 895.00 LBI-000811/28-11-2025 616.0756 KHA 29236 Books
    PARAMEDICAL JRU Library JRU Library SHELF-105-F 01/12/2025 PURCHASE 895.00 LBI-000811/28-11-2025 616.0756 KHA 29237 Books
    PARAMEDICAL JRU Library JRU Library SHELF-105-F 01/12/2025 PURCHASE 895.00 LBI-000811/28-11-2025 616.0756 KHA 29238 Books
    PARAMEDICAL JRU Library JRU Library SHELF-105-F 01/12/2025 PURCHASE 895.00 LBI-000811/28-11-2025 616.0756 KHA 29239 Books
    PARAMEDICAL JRU Library JRU Library SHELF-105-F 01/12/2025 PURCHASE 895.00 LBI-000811/28-11-2025 616.0756 KHA 29240 Books